| 000 | 00931nam a2200277Ia 4500 | ||
|---|---|---|---|
| 003 | OSt | ||
| 005 | 20221007122703.0 | ||
| 006 | a|||||r|||| 00| 0 | ||
| 007 | ta | ||
| 008 | 221006b |||||||| |||| 00| 0 eng d | ||
| 020 | _a9780521099066 (pbk) | ||
| 024 | _a157096 | ||
| 037 |
_b4223, 13/10/2011, New India Book Agency _cTextual |
||
| 040 |
_aPAPL _cPAPL _beng |
||
| 041 |
_2eng _aeng |
||
| 082 | _aC81, L3;2 Carpa | ||
| 100 |
_aEllis G F R _9714912 |
||
| 245 | 0 |
_aLarge scale structure of space time _b Hawking S W |
|
| 260 |
_aCambridge _bCUP _c1973 |
||
| 300 |
_axi; 391p. _ccm. |
||
| 490 | _aCambridge monographs on mathematical physics | ||
| 500 | _aAppendix 365-372p.; References 373-380p.; Index 385-391p. | ||
| 700 |
_a Hawking S W _9596445 |
||
| 942 |
_hC81, L3;2 Carpa _cTEXL _2CC |
||
| 999 |
_c1210774 _d1210774 |
||